<?xml version="1.0" encoding="UTF-8"?>
<record
    xmlns:xsi="http://www.w3.org/2001/XMLSchema-instance"
    xsi:schemaLocation="http://www.loc.gov/MARC21/slim http://www.loc.gov/standards/marcxml/schema/MARC21slim.xsd"
    xmlns="http://www.loc.gov/MARC21/slim">

  <leader>02945cam a22003497i 4500</leader>
  <datafield tag="999" ind1=" " ind2=" ">
    <subfield code="c">64135</subfield>
    <subfield code="d">64135</subfield>
  </datafield>
  <controlfield tag="005">20240530110716.0</controlfield>
  <controlfield tag="008">160209s2016    enka     b    001 0 eng  </controlfield>
  <datafield tag="017" ind1=" " ind2=" ">
    <subfield code="b">&#x645;&#x635;&#x631;. &#x62F;&#x627;&#x631; &#x627;&#x644;&#x643;&#x62A;&#x628;</subfield>
  </datafield>
  <datafield tag="020" ind1=" " ind2=" ">
    <subfield code="a">9781107087293 (hardback)</subfield>
  </datafield>
  <datafield tag="020" ind1=" " ind2=" ">
    <subfield code="a">1107087295</subfield>
  </datafield>
  <datafield tag="035" ind1=" " ind2=" ">
    <subfield code="a">(DNLM)101676510</subfield>
  </datafield>
  <datafield tag="040" ind1=" " ind2=" ">
    <subfield code="a">DNLM/DLC</subfield>
    <subfield code="b">eng</subfield>
    <subfield code="c">DLC</subfield>
    <subfield code="e">rda</subfield>
    <subfield code="d">DLC</subfield>
  </datafield>
  <datafield tag="082" ind1="0" ind2="0">
    <subfield code="2">21</subfield>
    <subfield code="a">616.81\</subfield>
    <subfield code="b">C C</subfield>
  </datafield>
  <datafield tag="245" ind1="0" ind2="0">
    <subfield code="a">Caplan's stroke :</subfield>
    <subfield code="b">a clinical approach /</subfield>
    <subfield code="c">edited by  Louis R Caplan, Beth Israel Deaconess Medical Center and Harvard Medical School, Boston, MA. USA.</subfield>
  </datafield>
  <datafield tag="246" ind1="1" ind2=" ">
    <subfield code="a">Stroke</subfield>
  </datafield>
  <datafield tag="250" ind1=" " ind2=" ">
    <subfield code="a">Fifth edition.</subfield>
  </datafield>
  <datafield tag="300" ind1=" " ind2=" ">
    <subfield code="a">ix, 640 pages :</subfield>
    <subfield code="b">illustrations (some color) ;</subfield>
    <subfield code="c">29 cm</subfield>
  </datafield>
  <datafield tag="500" ind1=" " ind2=" ">
    <subfield code="a">Preceded by Caplan's stroke / Louis R. Caplan. 4th ed. Philadelphia : Elsevier/Saunders, c2009.</subfield>
  </datafield>
  <datafield tag="504" ind1=" " ind2=" ">
    <subfield code="a">Includes bibliographial references and index.</subfield>
  </datafield>
  <datafield tag="650" ind1=" " ind2="0">
    <subfield code="a">Cerebrovascular disease</subfield>
    <subfield code="x">Diagnosis.</subfield>
    <subfield code="2">qrmak</subfield>
  </datafield>
  <datafield tag="650" ind1="1" ind2="2">
    <subfield code="a">Stroke</subfield>
    <subfield code="x">diagnosis</subfield>
    <subfield code="2">qrmak</subfield>
  </datafield>
  <datafield tag="650" ind1="1" ind2="2">
    <subfield code="a">Stroke</subfield>
    <subfield code="x">therapy</subfield>
    <subfield code="2">qrmak</subfield>
  </datafield>
  <datafield tag="650" ind1="2" ind2="2">
    <subfield code="a">Cerebrovascular Disorders</subfield>
    <subfield code="x">diagnosis</subfield>
    <subfield code="2">qrmak</subfield>
  </datafield>
  <datafield tag="650" ind1="2" ind2="2">
    <subfield code="a">Cerebrovascular Disorders</subfield>
    <subfield code="x">therapy</subfield>
    <subfield code="2">qrmak</subfield>
  </datafield>
  <datafield tag="651" ind1=" " ind2=" ">
    <subfield code="2">qrmak</subfield>
  </datafield>
  <datafield tag="700" ind1="1" ind2=" ">
    <subfield code="a">Caplan, Louis R.,</subfield>
    <subfield code="e">editor.</subfield>
  </datafield>
  <datafield tag="700" ind1="1" ind2=" ">
    <subfield code="a">Caplan, Louis R..</subfield>
    <subfield code="t">Caplan's stroke.</subfield>
  </datafield>
  <datafield tag="942" ind1=" " ind2=" ">
    <subfield code="2">ddc</subfield>
    <subfield code="c">BK</subfield>
  </datafield>
  <datafield tag="505" ind1="0" ind2=" ">
    <subfield code="a">Introduction and perspective / Louis R. Caplan -- Pathology, anatomy, and pathophysiology of stroke / Louis R. Caplan and David Liebeskind -- Diagnosis and the clinical encounter / Louis R. Caplan and Fernando Baringamentaria -- Imaging and laboratory diagnosis / Louis R. Caplan, Bruce Campbell, and Steven Davis -- Genetics of stroke / Stephanie Debette and Louis R. Caplan -- Treatment / Louis R. Caplan and Jeffrey Saver -- Large artery occlusive disease of the anterior circulation / Louis R. Caplan and Lawrence Wechsler -- Large vessel occlusive disease of the posterior circulation / Louis R. Caplan and Jong S. Kim -- Penetrating and branch artery disease / Louis R. Caplan, Geoffrey Donnan, and Marie Dagonnier -- Brain embolism / Louis R. Caplan and Pierre Amarenco -- Post-cardiac arrest encephalopathy / Louis R. Caplan and Michael DeGeorgia -- Non-atherosclerotic vasculopathies / Louis R. Caplan and Jose Biller -- Subarachnoid hemorrhage, aneurysms, and vascular malformations / Tudor Jovin and Louis R. Caplan -- Intracerebral hemorrhage / Louis R. Caplan and Carlos Kase -- Stroke in children and young adults / Gabrielle DeVeber, Aneesh Singhal, and Louis R. Caplan -- Spinal cord vascular disease / Louis R. Caplan and Ayrton Massaro -- Cerebral venous thrombosis / Louis R. Caplan and Marie-Germaine Bousser -- Stroke prevention / Louis R. Caplan and Phillip Gorelick -- Complications in stroke patients / Louis R. Caplan and Sandeep Kumar -- Recovery, rehabilitation, and repair / Steven Cramer and Louis R. Caplan.</subfield>
  </datafield>
  <datafield tag="906" ind1=" " ind2=" ">
    <subfield code="a">7</subfield>
    <subfield code="b">cbc</subfield>
    <subfield code="c">orignew</subfield>
    <subfield code="d">1</subfield>
    <subfield code="e">ecip</subfield>
    <subfield code="f">20</subfield>
    <subfield code="g">y-gencatlg</subfield>
  </datafield>
  <datafield tag="952" ind1=" " ind2=" ">
    <subfield code="0">0</subfield>
    <subfield code="1">0</subfield>
    <subfield code="4">0</subfield>
    <subfield code="7">0</subfield>
    <subfield code="a">CAI</subfield>
    <subfield code="b">CAI</subfield>
    <subfield code="c">TECHNOLOGY-LIBRARY</subfield>
    <subfield code="d">2018-02-25</subfield>
    <subfield code="l">0</subfield>
    <subfield code="o">616.81\ C C</subfield>
    <subfield code="p">164274</subfield>
    <subfield code="r">2018-02-25 00:00:00</subfield>
    <subfield code="w">2018-02-25</subfield>
    <subfield code="y">BK</subfield>
  </datafield>
</record>
